000 00976nam a2200289Ia 4500
003 OSt
005 20220930090321.0
006 a|||||r|||| 00| 0
007 ta
008 220926b |||||||| |||| 00| 0 eng d
024 _a109238
037 _cTheses
040 _aCRL
_cCRL
_beng
041 _2eng
_aeng
100 _aGahlot Navin
_9542284
110 _aUniversity of Delhi. Faculty of Medical Sciences. Department of Paediatrics
245 0 _aEffect of complementary feeds on serum insulin and lipids level in exclusively breast fed babies
260 _c2008
300 _a83p.
_ap.
_ccm.
650 _aCHILDREN - DISEASES
700 _a Dr. A. P. Dubey Gu.
_9532633
700 _a Dr. S. Ramji Gu.
_9532675
700 _a Dr. V. Mallika Gu.
700 _aUniversity of Delhi. Faculty of Medical Sciences. Department of Paediatrics
942 _cDIS
_2CC
999 _c880382
_d880382